Bezdôvodné obohatenie v znaleckom dokazovaní

Problematika bezdôvodného obohatenia v súvislosti s úlohou znalca v súdnych sporoch týkajúcich sa danej problematiky. Bezdôvodné obohatenie v právnych normách. Určenie výšky bezdôvodného obohatenia vo vybraných rozsudkoch. Modelový prípad určenia výšky bezdôvodného obohatenia.

Enregistré dans:
Détails bibliographiques
Auteur principal: Rybárová, Daniela, 1967-
Format: Chapitre de livre
Langue:slovaque
Sujets:
Tags: Ajouter un tag
Pas de tags, Soyez le premier à ajouter un tag!

MARC

LEADER 00000naa$a2200000$$$4500
001 0258323
005 20240502074105.9
041 0 |a slo 
044 |a SK 
245 1 0 |a Bezdôvodné obohatenie v znaleckom dokazovaní  |c Daniela Rybárová 
520 |a Problematika bezdôvodného obohatenia v súvislosti s úlohou znalca v súdnych sporoch týkajúcich sa danej problematiky. Bezdôvodné obohatenie v právnych normách. Určenie výšky bezdôvodného obohatenia vo vybraných rozsudkoch. Modelový prípad určenia výšky bezdôvodného obohatenia. 
610 2 0 |a znalci 
610 2 0 |a činnosť trestná 
610 2 0 |a legislatíva 
610 2 0 |a ceny 
100 1 |a Rybárová, Daniela, 1967-